000 01064cam a2200289 a 4500
999 _c20019
_d20019
001 3400657
003 OSt
005 20170118100303.0
008 890519s1990 vtua 000 0 eng
010 _a 89045736
020 _a0882665731 :
_c$17.95 ($21.95 Can.)
020 _a0882666037 (jacket)
040 _aDLC
_cDLC
_dDLC
050 0 0 _aNK 9930 .J46 1990
082 0 0 _a745.5/
_220
100 1 _aJenson, John T.,
_d1990
245 1 0 _aVictorian fretwork :
_bover 100 ready-to-use patterns and decorative ideas /
_cJohn T. Jenson.
260 _aPownal, Vt. :
_bStorey Communications,
_c1990.
300 _a123 p. :
_bill. ;
_c29 cm.
650 0 _aFretwork
_xThemes, motives.
650 0 _aDecoration and ornament
_xVictorian style.
906 _a7
_bcbc
_corignew
_d1
_eocip
_f19
_gy-gencatlg
942 _2lcc
_cBOOKS
_hNK 9930 .J46 1990
_k29733